[Event "SLO-chT2 West"]
[Site "Komenda"]
[Date "2021.11.27"]
[Round "1.3"]
[White "Solmajer, Luka"]
[Black "Orel Music, Simona"]
[Result "1/2-1/2"]
[WhiteElo "1986"]
[BlackElo "1956"]
[PlyCount "60"]
[EventDate "2021.11.27"]
[EventType "team-tourn"]
[EventRounds "7"]
[EventCountry "SLO"]
[SourceTitle "EXT 2024"]
[Source "ChessBase"]
[SourceDate "2023.10.10"]
[SourceVersion "1"]
[SourceVersionDate "2023.10.10"]
[SourceQuality "1"]
[WhiteTeam "Ilirska Bistrica Rinex"]
[BlackTeam "Kranj Tomo Zupan II"]
[WhiteTeamCountry "SLO"]
[BlackTeamCountry "SLO"]

1. Nf3 d5 2. d4 c6 3. c4 Nf6 4. e3 Bg4 5. Nbd2 e6 6. Bd3 Nbd7 7. Qc2 Bh5 8. b3 Be7 9. Bb2 Bg6 10. Bxg6 hxg6 11. 0-0 Rc8 12. e4 dxe4 13. Nxe4 Nxe4 14. Qxe4 Nf6 15. Qe2 0-0 16. Rfd1 Qa5 17. Rd3 Ba3 18. Rad1 Bxb2 19. Qxb2 Rcd8 20. b4 Qc7 21. a4 b6 22. g3 Rfe8 23. Ne5 Nd7 24. f4 Nxe5 25. dxe5 Rxd3 26. Rxd3 Rd8 27. Qd2 Rxd3 28. Qxd3 c5 29. b5 Kf8 30. Kf2 Ke7 1/2-1/2

[Event "Otocec Krka Terme op"]
[Site "Otocec"]
[Date "2021.07.10"]
[Round "9"]
[White "Solmajer, Luka"]
[Black "Mestek, Igor"]
[Result "0-1"]
[WhiteElo "1990"]
[BlackElo "2084"]
[PlyCount "54"]
[EventDate "2021.07.03"]
[EventType "swiss"]
[EventRounds "9"]
[EventCountry "SLO"]
[SourceTitle "CBM 203 Extra"]
[Source "ChessBase"]
[SourceDate "2021.09.30"]
[SourceVersion "1"]
[SourceVersionDate "2021.09.30"]
[SourceQuality "1"]

1. d4 c5 2. dxc5 Qa5+ 3. Nc3 e6 4. e4 a6 5. Nf3 Bxc5 6. Bd3 Nc6 7. 0-0 d6 8. a3 Qc7 9. b4 Ba7 10. Bb2 Nge7 11. Ne2 0-0 12. c4 e5 13. h3 Ng6 14. Rc1 Qe7 15. Nc3 Nh4 16. Nd5 Nxf3+ 17. Qxf3 Qg5 18. c5 dxc5 19. bxc5 Be6 20. Rfd1 Rad8 21. Bb1 Rd7 22. Nb6 Bxb6 23. Rxd7 Bxd7 24. cxb6 Nd4 25. Qd1 Bxh3 26. Qf1 Nf3+ 27. Kh1 Bxg2+ 0-1

[Event "Otocec Krka Terme op"]
[Site "Otocec"]
[Date "2021.07.07"]
[Round "6"]
[White "Urbanc, Suzana"]
[Black "Solmajer, Luka"]
[Result "0-1"]
[WhiteElo "1688"]
[BlackElo "1990"]
[PlyCount "60"]
[EventDate "2021.07.03"]
[EventType "swiss"]
[EventRounds "9"]
[EventCountry "SLO"]
[SourceTitle "CBM 203 Extra"]
[Source "ChessBase"]
[SourceDate "2021.09.30"]
[SourceVersion "1"]
[SourceVersionDate "2021.09.30"]
[SourceQuality "1"]

1. d4 d6 2. Nf3 g6 3. Bf4 f5 4. e3 Nf6 5. h3 Bg7 6. Bc4 e6 7. c3 0-0 8. 0-0 h6 9. Bh2 Kh7 10. Nbd2 Qe7 11. Qc2 Nbd7 12. b4 e5 13. a4 e4 14. Ne1 c5 15. bxc5 dxc5 16. a5 b6 17. a6 Nb8 18. Qb3 Nc6 19. Bd5 Bd7 20. Nc2 Rac8 21. Bxc6 Bxc6 22. Nc4 Bd5 23. N2a3 Qe6 24. Rfc1 Rc6 25. Rc2 Rfc8 26. Rac1 Bf8 27. Qb5 Nd7 28. Qa4 g5 29. Ne5 Nxe5 30. Bxe5 Bb3 0-1

[Event "Portoroz Nat Festival 30th"]
[Site "Portoroz"]
[Date "2020.09.06"]
[Round "5"]
[White "Solmajer, Luka"]
[Black "Lavrencic, Matic"]
[Result "1/2-1/2"]
[WhiteElo "2054"]
[BlackElo "1924"]
[PlyCount "96"]
[EventDate "2020.09.03"]
[EventType "swiss"]
[EventRounds "9"]
[EventCountry "SLO"]
[SourceTitle "CBM 198 Extra"]
[Source "ChessBase"]
[SourceDate "2020.11.30"]
[SourceVersion "1"]
[SourceVersionDate "2020.11.30"]
[SourceQuality "1"]

1. d4 Nf6 2. Nf3 e6 3. c4 d5 4. Nbd2 c5 5. cxd5 exd5 6. dxc5 Bxc5 7. g3 Ng4 8. e3 0-0 9. Nb3 Bb6 10. Bg2 Nc6 11. 0-0 Re8 12. Nbd4 Qf6 13. b3 Nxd4 14. Nxd4 Qh6 15. h3 Ne5 16. g4 Bd7 17. e4 Qh4 18. exd5 Bxg4 19. hxg4 Nxg4 20. Bf4 Nf6 21. Be3 Rxe3 22. fxe3 Ng4 23. Rf3 Nxe3 24. Rxe3 Bxd4 25. Kf1 Bxe3 26. Qf3 Qf4 27. d6 Rd8 28. Rd1 Qxf3+ 29. Bxf3 b6 30. d7 g6 31. Bc6 Bg5 32. b4 Kg7 33. b5 f5 34. Rd4 Kf7 35. Ra4 Ke7 36. Rxa7 h5 37. Ke2 Bf6 38. Ke3 Ke6 39. a4 Bc3 40. Rb7 Ba5 41. Kf4 Ke7 42. Kg5 Kf7 43. Bd5+ Kg7 44. Rc7 Bd2+ 45. Kh4 g5+ 46. Kh3 Bf4 47. Rb7 h4 48. Rxb6 Rxd7 1/2-1/2

[Event "SLO-chT1 East"]
[Site "Slovenia"]
[Date "2019.09.21"]
[Round "5.3"]
[White "Solmajer, Luka"]
[Black "Skuhala, Barbara"]
[Result "0-1"]
[WhiteElo "2049"]
[BlackElo "2098"]
[PlyCount "56"]
[EventDate "2019.09.06"]
[EventType "team-tourn"]
[EventRounds "9"]
[EventCountry "SLO"]
[SourceTitle "EXT 2020"]
[Source "ChessBase"]
[SourceDate "2019.10.17"]
[SourceVersion "1"]
[SourceVersionDate "2019.10.17"]
[SourceQuality "1"]
[WhiteTeam "Lendava Rokada"]
[BlackTeam "Pomgrad Radenska II"]
[WhiteTeamCountry "SLO"]
[BlackTeamCountry "SLO"]

1. d4 d5 2. c4 c6 3. Nf3 Nf6 4. Nbd2 Bf5 5. Nh4 Be4 6. f3 Bg6 7. e3 e6 8. Nxg6 hxg6 9. Bd3 Bd6 10. f4 Nbd7 11. c5 Be7 12. b4 Nh5 13. Qg4 Ng3 14. Rg1 Nf5 15. Nf1 Bf6 16. Bd2 Nxd4 17. exd4 Bxd4 18. 0-0-0 Bxg1 19. Bc3 Nf6 20. Qg3 a5 21. bxa5 Bxc5 22. f5 Qd6 23. Be5 Ba3+ 24. Kd2 Qb4+ 25. Bc3 Qh4 26. Qc7 Qf2+ 27. Be2 Ne4+ 28. Kd3 Nxc3 0-1

[Event "SLO-ch 29th"]
[Site "Radenci"]
[Date "2019.04.30"]
[Round "5"]
[White "Solmajer, Luka"]
[Black "Drevensek, Gasper"]
[Result "1/2-1/2"]
[WhiteElo "2030"]
[BlackElo "1470"]
[PlyCount "145"]
[EventDate "2019.04.27"]
[EventType "swiss"]
[EventRounds "9"]
[EventCountry "SLO"]
[SourceTitle "CBM 190 Extra"]
[Source "ChessBase"]
[SourceDate "2019.07.15"]
[SourceVersion "1"]
[SourceVersionDate "2019.07.15"]
[SourceQuality "1"]

1. c4 d6 2. d4 g6 3. Nc3 Bg7 4. e4 e5 5. dxe5 dxe5 6. Qxd8+ Kxd8 7. Bg5+ f6 8. 0-0-0+ Bd7 9. Be3 Nc6 10. g3 Nge7 11. Bh3 f5 12. Nf3 Ke8 13. Rhe1 Rd8 14. Nd5 Nxd5 15. exd5 Nb4 16. a3 Na6 17. Bg5 e4 18. Bxd8 Kxd8 19. Ng5 Bh6 20. f4 exf3 21. b4 Bxg5+ 22. Kb2 Re8 23. Rxe8+ Bxe8 24. Rf1 Bf6+ 25. Kb3 Bf7 26. Rxf3 b5 27. Bf1 bxc4+ 28. Bxc4 Nb8 29. g4 Nd7 30. gxf5 Ne5 31. Rh3 Nxc4 32. fxg6 Na5+ 33. bxa5 Bxd5+ 34. Kb4 hxg6 35. Rh6 Be7+ 36. Kb5 Be4 37. a4 Bd3+ 38. Kc6 Be4+ 39. Kb5 Kd7 40. Kc4 Kd6 41. h4 Bf8 42. Rh7 Bd5+ 43. Kb5 c6+ 44. Ka6 c5 45. Kxa7 c4 46. Kb6 Be7 47. Rh8 c3 48. Rc8 Bf6 49. a6 Bd4+ 50. Kb5 Be4 51. a7 Bxa7 52. Rxc3 Bf2 53. Rh3 Bc6+ 54. Kb4 Be1+ 55. Ka3 Bd5 56. h5 gxh5 57. Rxh5 Kc5 58. Rh8 Bd2 59. Rc8+ Bc6 60. Rb8 Bc1+ 61. Kb3 Bf4 62. Rd8 Bd5+ 63. Kc3 Be5+ 64. Kd3 Bc4+ 65. Ke4 Bg3 66. Rc8+ Kb4 67. a5 Ba6 68. Rg8 Bc7 69. Rg6 Kxa5 70. Kd4 Bb6+ 71. Kc3 Bc5 72. Rc6 Kb5 73. Rxc5+ 1/2-1/2

[Event "SLO-ch 29th"]
[Site "Radenci"]
[Date "2019.04.29"]
[Round "4"]
[White "Skuhala, Jernej"]
[Black "Solmajer, Luka"]
[Result "1-0"]
[WhiteElo "2276"]
[BlackElo "2030"]
[PlyCount "103"]
[EventDate "2019.04.27"]
[EventType "swiss"]
[EventRounds "9"]
[EventCountry "SLO"]
[SourceTitle "CBM 190 Extra"]
[Source "ChessBase"]
[SourceDate "2019.07.15"]
[SourceVersion "1"]
[SourceVersionDate "2019.07.15"]
[SourceQuality "1"]

1. e4 g6 2. d4 Bg7 3. Nc3 d6 4. Be3 Nf6 5. f3 0-0 6. Qd2 c6 7. a4 Qa5 8. g4 e5 9. g5 Nh5 10. Nge2 b5 11. b4 Qxb4 12. axb5 cxb5 13. d5 Bd7 14. Nc1 a6 15. Nxb5 Qxd2+ 16. Kxd2 Bxb5 17. Bxb5 f6 18. gxf6 Rxf6 19. Rf1 Rf7 20. Ne2 Nf4 21. Ra3 Ng2 22. Bg5 h6 23. Be3 Nd7 24. Bc6 Nxe3 25. Kxe3 Ra7 26. Bxd7 Rfxd7 27. Rfa1 Rac7 28. c3 h5 29. Rxa6 Bh6+ 30. Kd3 Kf7 31. c4 Rb7 32. Nc3 Rb2 33. R1a2 Rxa2 34. Rxa2 Bf8 35. Nb5 Kf6 36. Ra8 Be7 37. Ke3 Kg5 38. Rg8 Bd8 39. Kd3 Bb6 40. Re8 Bg1 41. h3 Bc5 42. Re6 Rd8 43. Ke2 Kh4 44. Rxg6 Kxh3 45. f4 exf4 46. Kf3 h4 47. Nc3 Ra8 48. Ne2 Kh2 49. Nxf4 Ra3+ 50. Kg4 h3 51. Rh6 Rc3 52. Rxh3+ 1-0

[Event "SLO-ch 29th"]
[Site "Radenci"]
[Date "2019.04.28"]
[Round "2"]
[White "Jelen, Igor"]
[Black "Solmajer, Luka"]
[Result "1-0"]
[WhiteElo "2351"]
[BlackElo "2030"]
[PlyCount "171"]
[EventDate "2019.04.27"]
[EventType "swiss"]
[EventRounds "9"]
[EventCountry "SLO"]
[SourceTitle "CBM 190 Extra"]
[Source "ChessBase"]
[SourceDate "2019.07.15"]
[SourceVersion "1"]
[SourceVersionDate "2019.07.15"]
[SourceQuality "1"]

1. d4 f5 2. g3 g6 3. Bg2 Nf6 4. Nf3 Bg7 5. 0-0 0-0 6. b3 c5 7. e3 Ne4 8. c4 Nc6 9. Bb2 e6 10. Qe2 cxd4 11. Nxd4 Nxd4 12. exd4 d5 13. c5 a5 14. f3 Nf6 15. a3 b6 16. b4 bxc5 17. dxc5 Ba6 18. b5 Bxb5 19. Qxb5 Rb8 20. Qe2 Rxb2 21. Qxb2 Ne4 22. Qa2 Bd4+ 23. Kh1 Nxg3+ 24. hxg3 Qg5 25. Rf2 Qxg3 26. Kg1 Qe5 27. f4 Qe1+ 28. Bf1 Rb8 29. c6 Bxa1 30. c7 Rc8 31. Qxa1 Rxc7 32. Qe5 Rc1 33. Qxe1 Rxe1 34. Nd2 Ra1 35. Rf3 Ra2 36. Rd3 h6 37. Nf3 Kg7 38. Re3 g5 39. fxg5 hxg5 40. Nxg5 e5 41. Rxe5 Rxa3 42. Nh3 Kf6 43. Rxd5 a4 44. Ra5 Ra1 45. Nf4 a3 46. Nd5+ Kg5 47. Ne3 Kf4 48. Nc2 Ra2 49. Nxa3 Kg3 50. Nc4 Rxa5 51. Nxa5 f4 52. Nc4 f3 53. Bd3 f2+ 54. Kf1 Kf3 55. Be2+ Ke4 56. Kxf2 Kd4 57. Kf3 Kd5 58. Ke3 Kc5 59. Ke4 Kc6 60. Kd4 Kb5 61. Bf3 Kb4 62. Bd1 Kb5 63. Ne5 Kb4 64. Nc6+ Ka3 65. Kc3 Ka2 66. Bc2 Ka1 67. Nd4 Ka2 68. Nb3 Ka3 69. Bb1 Ka4 70. Nd4 Ka5 71. Kc4 Kb6 72. Nb5 Kb7 73. Bf5 Kc6 74. Bg4 Kb6 75. Bf3 Ka5 76. Kc5 Ka4 77. Bd1+ Ka5 78. Bc2 Ka6 79. Nd6 Ka5 80. Nb7+ Ka6 81. Kc6 Ka7 82. Kc7 Ka6 83. Bd3+ Ka7 84. Nd8 Ka8 85. Ba6 Ka7 86. Bc8 1-0

[Event "Otocec Krka Terme op"]
[Site "Otocec"]
[Date "2018.12.26"]
[Round "5"]
[White "Dobrovoljc, Vid"]
[Black "Solmajer, Luka"]
[Result "1-0"]
[WhiteElo "2328"]
[BlackElo "2045"]
[PlyCount "61"]
[EventDate "2018.12.25"]
[EventType "swiss"]
[EventRounds "9"]
[EventCountry "SLO"]
[SourceTitle "EXT 2020"]
[Source "ChessBase"]
[SourceDate "2019.10.17"]
[SourceVersion "1"]
[SourceVersionDate "2019.10.17"]
[SourceQuality "1"]

1. d4 d5 2. c4 c6 3. Nf3 e6 4. e3 Nd7 5. Nc3 Ngf6 6. Bd3 dxc4 7. Bxc4 b5 8. Bd3 Bb7 9. 0-0 a6 10. e4 b4 11. Na4 c5 12. e5 Nd5 13. dxc5 Nxc5 14. Bg5 Qa5 15. Nxc5 Bxc5 16. Nd2 Be7 17. Nc4 Qc7 18. Bxe7 Kxe7 19. Qg4 h5 20. Qh4+ Kf8 21. Nd6 Rb8 22. Rac1 Qe7 23. Qg3 h4 24. Qg4 Ba8 25. Rc5 g6 26. Rfc1 Kg7 27. Be4 Rhd8 28. Bxd5 Bxd5 29. Rxd5 f5 30. exf6+ Qxf6 31. Rc7+ 1-0

[Event "SLO-chT1 East"]
[Site "Slovenia"]
[Date "2018.11.09"]
[Round "7"]
[White "Bender, Ivan"]
[Black "Solmajer, Luka"]
[Result "1-0"]
[WhiteElo "2261"]
[BlackElo "2037"]
[PlyCount "79"]
[EventDate "2018.09.28"]
[EventType "team-tourn"]
[EventRounds "9"]
[EventCountry "SLO"]
[SourceTitle "EXT 2021"]
[Source "ChessBase"]
[SourceDate "2020.10.23"]
[SourceVersion "1"]
[SourceVersionDate "2020.10.23"]
[SourceQuality "1"]

1. e4 c5 2. Nf3 Nc6 3. Bb5 Nd4 4. Nxd4 cxd4 5. Bc4 Nf6 6. Qf3 Qc7 7. d3 b5 8. Bb3 d5 9. exd5 Qe5+ 10. Qe2 Qxe2+ 11. Kxe2 Bb7 12. a4 b4 13. Nd2 0-0-0 14. Nf3 Bxd5 15. Ng5 Bxg2 16. Rg1 Bd5 17. Nxf7 Bxf7 18. Bxf7 h6 19. Be6+ Kb7 20. Bf4 g5 21. Be5 Bg7 22. c3 Nh5 23. Bxg7 Nxg7 24. Bg4 dxc3 25. bxc3 bxc3 26. Rac1 Rd4 27. Rxc3 Rxa4 28. Rb1+ Ka6 29. Rc6+ Ka5 30. Rc5+ Ka6 31. Rc6+ Ka5 32. Rc5+ Ka6 33. Bc8+ Rxc8 34. Rxc8 Ra2+ 35. Kf3 g4+ 36. Kg2 h5 37. Rc6+ Ka5 38. Rc7 Ka6 39. Rxe7 Nf5 40. Re6+ 1-0

[Event "Ptuj op"]
[Site "Ptuj"]
[Date "2018.08.13"]
[Round "7"]
[White "Crepan, Marjan"]
[Black "Solmajer, Luka"]
[Result "1/2-1/2"]
[WhiteElo "2298"]
[BlackElo "2037"]
[PlyCount "35"]
[EventDate "2018.08.07"]
[EventType "swiss"]
[EventRounds "9"]
[EventCountry "SLO"]
[SourceTitle "CBM 186 Extra"]
[Source "ChessBase"]
[SourceDate "2018.08.24"]
[SourceVersion "1"]
[SourceVersionDate "2018.08.24"]
[SourceQuality "1"]

1. e4 c5 2. Nf3 g6 3. d4 cxd4 4. Nxd4 Bg7 5. Nc3 Nc6 6. Be3 Nf6 7. Be2 0-0 8. Nb3 d6 9. 0-0 a6 10. f4 b5 11. a3 Be6 12. Kh1 Bc4 13. Qe1 Na5 14. Nxa5 Qxa5 15. Bd3 Rac8 16. Qh4 Bxd3 17. cxd3 b4 18. axb4 1/2-1/2

[Event "Ptuj op"]
[Site "Ptuj"]
[Date "2018.08.10"]
[Round "4"]
[White "Rozman, Roman"]
[Black "Solmajer, Luka"]
[Result "0-1"]
[WhiteElo "1712"]
[BlackElo "2037"]
[PlyCount "54"]
[EventDate "2018.08.07"]
[EventType "swiss"]
[EventRounds "9"]
[EventCountry "SLO"]
[SourceTitle "CBM 186 Extra"]
[Source "ChessBase"]
[SourceDate "2018.08.24"]
[SourceVersion "1"]
[SourceVersionDate "2018.08.24"]
[SourceQuality "1"]

1. d4 d5 2. c4 c6 3. e3 Nf6 4. Nc3 e6 5. Bd2 Bd6 6. Nf3 Nbd7 7. cxd5 exd5 8. Bd3 0-0 9. Qc2 Re8 10. 0-0 Nf8 11. Bf5 Ne4 12. Bxc8 Rxc8 13. g3 Qd7 14. Kg2 Ne6 15. h4 f5 16. Qd3 Qc7 17. Ne2 h6 18. Rh1 g6 19. Rac1 Kg7 20. Nc3 Bxg3 21. Nxd5 Qb8 22. Nf4 Nxf4+ 23. exf4 Nxf2 24. Qc3 Ne4 25. Qd3 Bxf4 26. Bxf4 Qxf4 27. Rh2 Qxc1 0-1

[Event "Ptuj op"]
[Site "Ptuj"]
[Date "2018.08.09"]
[Round "3"]
[White "Solmajer, Luka"]
[Black "Murko, David"]
[Result "1/2-1/2"]
[WhiteElo "2037"]
[BlackElo "2161"]
[PlyCount "117"]
[EventDate "2018.08.07"]
[EventType "swiss"]
[EventRounds "9"]
[EventCountry "SLO"]
[SourceTitle "CBM 186 Extra"]
[Source "ChessBase"]
[SourceDate "2018.08.24"]
[SourceVersion "1"]
[SourceVersionDate "2018.08.24"]
[SourceQuality "1"]

1. c4 c5 2. Nf3 g6 3. Nc3 Bg7 4. g3 Nc6 5. Bg2 e6 6. e4 d6 7. d3 Nge7 8. Bg5 0-0 9. Qd2 Re8 10. 0-0 Rb8 11. a3 a6 12. Rab1 Qa5 13. Rfc1 b5 14. cxb5 axb5 15. b4 Qxa3 16. bxc5 b4 17. Nb5 Rxb5 18. cxd6 b3 19. dxe7 Nxe7 20. d4 Bb7 21. Qd3 Ba6 22. Bf4 Rc8 23. Rxc8+ Nxc8 24. Nd2 Rb4 25. Qc3 Bxd4 26. Rxb3 Bxc3 27. Rxa3 Bxd2 28. Rxa6 Bxf4 29. gxf4 Nb6 30. Bf1 Nd7 31. Rd6 Nf6 32. f3 Rb3 33. Kf2 Rb2+ 34. Be2 Nh5 35. Ke3 Nxf4 36. Kxf4 Rxe2 37. h4 Rh2 38. Kg3 Rh1 39. Ra6 Kg7 40. Ra5 Kf6 41. Rb5 h5 42. Ra5 Rb1 43. Rc5 Rb6 44. Kf4 Kg7 45. Rc7 Rb4 46. Ra7 Kf6 47. Ra5 Rb3 48. e5+ Kg7 49. Ra7 Rb1 50. Rc7 Rg1 51. Rc8 g5+ 52. hxg5 h4 53. Rc2 Kg6 54. Rc8 Kg7 55. Rc2 Rb1 56. Kg4 Kg6 57. Kxh4 Rb4+ 58. Kg3 Kxg5 59. Rc7 1/2-1/2

[Event "SLO-ch 28th"]
[Site "Ljubljana"]
[Date "2018.05.03"]
[Round "8"]
[White "Solmajer, Luka"]
[Black "Debevec, Blaz"]
[Result "1-0"]
[WhiteElo "2010"]
[BlackElo "2186"]
[PlyCount "141"]
[EventDate "2018.04.27"]
[EventType "swiss"]
[EventRounds "9"]
[EventCountry "SLO"]
[SourceTitle "CBM 184 Extra"]
[Source "ChessBase"]
[SourceDate "2018.06.28"]
[SourceVersion "1"]
[SourceVersionDate "2018.06.28"]
[SourceQuality "1"]

1. d4 d6 2. Nf3 g6 3. g3 Bg7 4. Bg2 c5 5. dxc5 Qa5+ 6. c3 Qxc5 7. Na3 Nf6 8. Be3 Qa5 9. Nd4 Ng4 10. Bd2 Ne5 11. 0-0 0-0 12. h3 a6 13. Kh2 Qc7 14. f4 Nec6 15. Rc1 e5 16. Nb3 Be6 17. e4 f5 18. fxe5 Nxe5 19. Nd4 Bd7 20. exf5 Bxf5 21. Qb3+ Kh8 22. Rxf5 gxf5 23. Ne6 Qf7 24. Nxf8 Qxb3 25. axb3 Bxf8 26. Bxb7 Ra7 27. Bd5 Nbc6 28. Rf1 Ne7 29. Be6 Bg7 30. Nc4 Nxc4 31. bxc4 a5 32. Bxf5 a4 33. Bc1 Nxf5 34. Rxf5 Re7 35. Kg2 Re2+ 36. Rf2 Re4 37. Bf4 Be5 38. Bxe5+ dxe5 39. Rf7 a3 40. bxa3 Rxc4 41. Rf2 Kg7 42. Ra2 Ra4 43. c4 e4 44. c5 Kf6 45. c6 Rc4 46. a4 Rxc6 47. a5 Ra6 48. Kf2 Ke5 49. Ra4 Kd5 50. Ke3 Rg6 51. a6 Rxg3+ 52. Kf2 Rg8 53. a7 Ra8 54. Ke3 Kc6 55. Kxe4 Kb7 56. Kf5 Rf8+ 57. Kg5 Ka8 58. Kh6 Rf7 59. h4 Rc7 60. Ra5 Rd7 61. h5 Rc7 62. Rg5 Rc8 63. Kxh7 Rc7+ 64. Kh8 Rc6 65. Rg6 Rc5 66. h6 Kxa7 67. h7 Kb7 68. Kg7 Rc7+ 69. Kh6 Rc8 70. Rg8 Rc6+ 71. Kg5 1-0

[Event "SLO-ch 28th"]
[Site "Ljubljana"]
[Date "2018.04.29"]
[Round "4"]
[White "Solmajer, Luka"]
[Black "Zidar, Jernej"]
[Result "1-0"]
[WhiteElo "2010"]
[BlackElo "1449"]
[PlyCount "81"]
[EventDate "2018.04.27"]
[EventType "swiss"]
[EventRounds "9"]
[EventCountry "SLO"]
[SourceTitle "CBM 184 Extra"]
[Source "ChessBase"]
[SourceDate "2018.06.28"]
[SourceVersion "1"]
[SourceVersionDate "2018.06.28"]
[SourceQuality "1"]

1. Nf3 d5 2. c4 d4 3. e3 c5 4. exd4 cxd4 5. b4 Nf6 6. Bb2 Bg4 7. Qa4+ Bd7 8. Qb3 e6 9. Bxd4 Nc6 10. Bc3 a6 11. d3 Be7 12. Nbd2 0-0 13. Be2 Qc7 14. 0-0 Rfd8 15. Qb2 Rac8 16. a3 Na7 17. Be5 Bd6 18. Bxf6 gxf6 19. Qxf6 Bc6 20. Ne4 Bxe4 21. dxe4 Nc6 22. Rad1 Bf8 23. Qg5+ Bg7 24. b5 axb5 25. cxb5 Na7 26. e5 h6 27. Qe3 b6 28. Rxd8+ Rxd8 29. Rc1 Qb7 30. a4 Nc8 31. Nd4 Ne7 32. Nc6 Nxc6 33. bxc6 Qc7 34. f4 Bf8 35. Qf3 Bc5+ 36. Kh1 Kh8 37. Rd1 Rd4 38. Rxd4 Bxd4 39. Qd3 Qxc6 40. Qxd4 Qc1+ 41. Bd1 1-0

[Event "SLO-ch 28th"]
[Site "Ljubljana"]
[Date "2018.04.28"]
[Round "3"]
[White "Mazi, Leon"]
[Black "Solmajer, Luka"]
[Result "1-0"]
[WhiteElo "2346"]
[BlackElo "2010"]
[PlyCount "55"]
[EventDate "2018.04.27"]
[EventType "swiss"]
[EventRounds "9"]
[EventCountry "SLO"]
[SourceTitle "CBM 184 Extra"]
[Source "ChessBase"]
[SourceDate "2018.06.28"]
[SourceVersion "1"]
[SourceVersionDate "2018.06.28"]
[SourceQuality "1"]

1. e4 c5 2. Nf3 Nc6 3. d4 cxd4 4. Nxd4 Nf6 5. Nc3 g6 6. Be3 Bg7 7. Bc4 0-0 8. Bb3 d6 9. h3 Na5 10. 0-0 Nxb3 11. axb3 d5 12. e5 Ne4 13. f4 Nxc3 14. bxc3 a6 15. Qd3 Bd7 16. Rae1 Rc8 17. Rf3 e6 18. g4 Qc7 19. Bf2 Rfe8 20. Bh4 Bc6 21. Qd2 Bb5 22. Qf2 Bd7 23. Bf6 Bxf6 24. exf6 e5 25. Qh4 h5 26. Qg5 exd4 27. Rxe8+ Rxe8 28. Qh6 1-0

[Event "Portoroz op 11th"]
[Site "Portoroz"]
[Date "2017.07.29"]
[Round "9"]
[White "Jager, Johann"]
[Black "Solmajer, Luka"]
[Result "0-1"]
[WhiteElo "1596"]
[BlackElo "2026"]
[PlyCount "78"]
[EventDate "2017.07.22"]
[EventType "swiss"]
[EventRounds "9"]
[EventCountry "SLO"]
[SourceTitle "EXT 2020"]
[Source "ChessBase"]
[SourceDate "2019.10.17"]
[SourceVersion "1"]
[SourceVersionDate "2019.10.17"]
[SourceQuality "1"]

1. Nf3 c5 2. e3 g6 3. d4 Bg7 4. Be2 d5 5. 0-0 Nf6 6. b3 0-0 7. Bb2 b6 8. dxc5 bxc5 9. c4 e6 10. cxd5 exd5 11. Qc2 Nbd7 12. Rd1 Bb7 13. Nbd2 Qb6 14. Rac1 a5 15. a4 Rfc8 16. Qb1 Nb8 17. Qa1 Ba6 18. Bf1 Bxf1 19. Nxf1 Rc6 20. N1d2 Na6 21. Ne1 Nb4 22. Ndf3 Rac8 23. h3 c4 24. bxc4 Rxc4 25. Rxc4 dxc4 26. g4 h6 27. Bc3 Qe6 28. Rc1 Rc5 29. Nd2 h5 30. Bd4 Ne8 31. Bxg7 Nxg7 32. Ng2 Nd3 33. Qd4 hxg4 34. Rxc4 gxh3 35. Qd8+ Kh7 36. Rh4+ Nh5 37. Qxd3 hxg2 38. Nf3 Qc6 39. Nd4 Rc1+ 0-1

[Event "Portoroz op 11th"]
[Site "Portoroz"]
[Date "2017.07.26"]
[Round "6"]
[White "Solmajer, Luka"]
[Black "Kolesar, Milan"]
[Result "0-1"]
[WhiteElo "2026"]
[BlackElo "2215"]
[PlyCount "72"]
[EventDate "2017.07.22"]
[EventType "swiss"]
[EventRounds "9"]
[EventCountry "SLO"]
[SourceTitle "EXT 2018"]
[Source "ChessBase"]
[SourceDate "2017.10.13"]
[SourceVersion "1"]
[SourceVersionDate "2017.10.13"]
[SourceQuality "1"]

1. d4 d5 2. c4 c6 3. Nf3 Nf6 4. g3 Bf5 5. Nc3 e6 6. Bg2 h6 7. 0-0 Nbd7 8. Bf4 Be7 9. Ne5 0-0 10. h3 Bh7 11. g4 Qb6 12. Na4 Qa6 13. c5 Nxe5 14. Bxe5 Nd7 15. Bg3 Bf6 16. e3 e5 17. dxe5 Nxe5 18. Bxe5 Bxe5 19. f4 Bf6 20. f5 Rfe8 21. Re1 Qa5 22. Rb1 g6 23. b4 Qc7 24. Qf3 gxf5 25. gxf5 Qe5 26. e4 Qd4+ 27. Kh1 dxe4 28. Rxe4 Rxe4 29. Qxe4 Qxe4 30. Bxe4 Re8 31. Rg1+ Kf8 32. Bb1 Re3 33. Kh2 Ra3 34. Bc2 Be5+ 35. Kh1 Rxh3+ 36. Kg2 Rh2+ 0-1

[Event "Maribor Pirc Memorial op 20th"]
[Site "Maribor"]
[Date "2017.06.29"]
[Round "6"]
[White "Solmajer, Luka"]
[Black "Papler, Peter"]
[Result "1-0"]
[WhiteElo "2026"]
[BlackElo "1698"]
[PlyCount "107"]
[EventDate "2017.06.24"]
[EventType "swiss"]
[EventRounds "9"]
[EventCountry "SLO"]
[SourceTitle "CBM 179 Extra"]
[Source "ChessBase"]
[SourceDate "2017.08.23"]
[SourceVersion "1"]
[SourceVersionDate "2017.08.23"]
[SourceQuality "1"]

1. d4 c6 2. c4 Nf6 3. Nf3 g6 4. g3 Bg7 5. Bg2 0-0 6. 0-0 Na6 7. Nbd2 d5 8. b3 Bf5 9. Bb2 Qd7 10. Ne5 Qc8 11. Re1 Nb4 12. cxd5 Nc2 13. dxc6 bxc6 14. Rc1 Nxe1 15. Qxe1 Qa6 16. Nxc6 Rae8 17. e4 Bd7 18. e5 Nh5 19. Nb4 Qa5 20. Nc4 Qd8 21. Nc6 Qc7 22. Nd6 Qb6 23. Nxe8 Rxe8 24. Qb4 Qa6 25. Nb8 Qxa2 26. Bc3 Bf5 27. Nc6 Bf8 28. Qa4 Qxa4 29. bxa4 Bh6 30. f4 Bd7 31. Bb4 Bf8 32. a5 a6 33. Bc5 Ng7 34. Nb4 Bb5 35. Bb7 Rb8 36. Be4 Ne6 37. Ba7 Rd8 38. d5 Ng7 39. Bb6 Rd7 40. Rc8 Nf5 41. g4 Nh6 42. h3 Kg7 43. Bd4 Rb7 44. d6 Rd7 45. e6+ f6 46. exd7 Bxd7 47. Rc7 Bb5 48. dxe7 Bxe7 49. Rxe7+ Kf8 50. Rxh7 Ng8 51. Bc5+ Ke8 52. Bxg6+ Kd8 53. Bb6+ Kc8 54. Bf5+ 1-0

[Event "Maribor Pirc Memorial op 20th"]
[Site "Maribor"]
[Date "2017.06.25"]
[Round "2"]
[White "Solmajer, Luka"]
[Black "Urbanc, Suzana"]
[Result "0-1"]
[WhiteElo "2026"]
[BlackElo "1657"]
[PlyCount "74"]
[EventDate "2017.06.24"]
[EventType "swiss"]
[EventRounds "9"]
[EventCountry "SLO"]
[SourceTitle "CBM 179 Extra"]
[Source "ChessBase"]
[SourceDate "2017.08.23"]
[SourceVersion "1"]
[SourceVersionDate "2017.08.23"]
[SourceQuality "1"]

1. d4 f5 2. c4 Nf6 3. g3 e6 4. Bg2 c6 5. Nh3 d5 6. Qc2 Bd6 7. 0-0 0-0 8. b3 Qe7 9. Bb2 Bd7 10. Nd2 Be8 11. e3 Nbd7 12. Rae1 Ne4 13. f3 Nxg3 14. hxg3 Bxg3 15. Rc1 Qh4 16. cxd5 cxd5 17. Ba3 Rf6 18. Be7 g5 19. Bxf6 Nxf6 20. Rfd1 g4 21. Nf1 gxh3 22. Bh1 Bh5 23. Qe2 Kh8 24. Nxg3 Rg8 25. Kf1 Rxg3 26. Qf2 h2 27. Rc2 Rxf3 28. Bxf3 h1Q+ 29. Bxh1 Qxh1+ 30. Qg1 Qf3+ 31. Qf2 Qxd1+ 32. Kg2 Bf3+ 33. Kh3 Ng4 34. Rc8+ Kg7 35. Qc2 Qh1+ 36. Kg3 Be4 37. Kf4 Bxc2 0-1